000 00613nam a2200241Ia 4500
003 OSt
005 20221005131244.0
006 a|||||r|||| 00| 0
007 ta
008 221004b |||||||| |||| 00| 0 mal d
024 _a58620
037 _cTextual
040 _aCRL
_cCRL
_bmal
041 _2mal
_amal
082 _aQ22:22, 32wlJ3
100 _aNair Narayanan Au.
_9627727
245 0 _aShri Krishnahrthayam
260 _c1953
300 _a127p.
_ccm.
650 _aREGIONALISM
_9222849
942 _hQ22:22, 32wlJ3
_cTEXL
_2cc
999 _c1059775
_d1059775